00662nam a2200181Ia 4500008004100000020001800041022001500059040001300074082001500087100001800102245006600120260004300186300004300229500005000272650003400322650008900356650003500445191130s2007##################000#0#eng## a9780300135404 a2006586263 aACLcACL a720.92 HAR aHart, Vaughan aNicholas Hawksmoor : rebuilding ancient wonderscVaughan Hart aNew HavenbYale University Pressc2007 axii, 299 p. : ill. (some col.) ; 28 cm aIncludes bibliographical references and index aChurch architecture - England aCommission for Building Fifty New Churches in London and Westminster (Great Britain) aHawksmoor, Nicholas, 1661-1736